History Quiz

Random History or Clickable Quiz

Historical Figure Teddy Bears II Quiz Stats

 Plays Quiz Updated Mar 28, 2018

Challenge
Share
Tweet
Score 0/15 Timer 02:00
4 Plays Today
% Correct
Mother Teresa
95.7%
Tutankhamun
94.8%
Albert Einstein
93.9%
Amelia Earhart
92.7%
Sacagawea
92.5%
Florence Nightingale
92.1%
Pope John Paul II
91.1%
Winston Churchill
90.3%
% Correct
Robert E. Lee
88.4%
Yuri Gagarin
87.5%
Leonardo da Vinci
85.2%
Horatio Nelson
82.4%
Galileo Galilei
80.3%
Charlemagne
78.7%
Queen Victoria
70%

You're not logged in!

Compare scores with friends on all Sporcle quizzes.
OR
Log In

You Might Also Like...

Show Comments

Extras

Top Quizzes Today


Score Distribution

Your Account Isn't Verified!

In order to create a playlist on Sporcle, you need to verify the email address you used during registration. Go to your Sporcle Settings to finish the process.

Report this User

Report this user for behavior that violates our Community Guidelines.

Details: